000 01410nam0a2200289 i 4500
001 RU\NLR\bibl\2058408
005 20240921134719.0
010 _a9785990360433
_9100
021 _aRU
_b2013-50659
_93511
035 _a(NLR Aleph) 002045213
090 _a4615210
_c4615210
100 _a20130731d2012 u y0rusy50 ca
101 0 _arus
102 _aRU
105 _ay |||||||||
200 1 _aТеоретико-методологические основы мотивационного программно-целевого управления ресоциализацией женщин-преступниц
_eмонография
_fГ.Г. Ханцева
_gМ-во образования и науки Рос. Федерации, Рубц. индустр. ин-т (фил.), ФГБОУ ВПО "Алт. гос. техн. ун-т им. И.И. Ползунова"
210 _aРубцовск
_cРубцовский индустриальный институт
_d2012
215 _a166 с.
_cил.
_d29
606 1 _aЖенщины-осужденные
_xРесоциализация
_yРоссийская Федерация
_92091405
_3RU\NLR\auth\661569378
686 _aХ628.414
700 1 _aХанцева
_bГ. Г.
_gГалина Григорьевна
_4070
801 0 _aRU
_bNLR
_c20130731
_gRCR
801 1 _aRU
_bNLR
_c20130731
830 _aпо кн
942 _cBOOK
980 _aNBR